|
|
|
|
| LEADER |
00000nab a2200000 a 4500 |
| 001 |
vtls000342993 |
| 003 |
SK-MaSNL |
| 005 |
20260303122253.0 |
| 008 |
220423c1988 xo 0 slo |
| 015 |
|
|
|a SNBRA19rr/mm-uuuuu
|
| 035 |
|
|
|a CL0343115
|
| 040 |
|
|
|a SNKBUCL
|b slo
|c SNKBUCL
|e AACR2
|
| 041 |
0 |
|
|a slo
|
| 044 |
|
|
|a xo
|c SK
|
| 080 |
|
|
|a 619:615:37:636.22/.28.053:519.111
|2 1981
|
| 080 |
|
|
|a 615
|2 1981
|
| 080 |
|
|
|a 37
|2 1981
|
| 080 |
|
|
|a 636.22/.28.053
|2 1981
|
| 080 |
|
|
|a 519.111
|2 1981
|
| 080 |
|
|
|a 615.37
|2 1981
|
| 245 |
0 |
0 |
|a Dynamika hladin IgG v krvním séru telat do stáží 6 měsíců ; Přemysl Jagoš, Margita Dostálová, Jiří Klimeš, Jan Bouda
|
| 300 |
|
|
|b Graf 1.
|
| 650 |
0 |
7 |
|a teľatá
|2 snkbucl
|9 2830
|
| 650 |
0 |
7 |
|a krvné sérum
|2 snkbucl
|9 75076
|
| 655 |
|
7 |
|a články zo zborníkov
|2 snkbucl
|9 166140
|
| 700 |
1 |
|
|a Jagoš, Přemysl
|4 aut
|9 959844
|
| 700 |
1 |
|
|a Dostálová, Margita
|4 aut
|9 1136690
|
| 700 |
1 |
|
|a Klimeš, Jiří
|4 aut
|9 382002
|
| 700 |
1 |
|
|a Bouda, Jan,
|d 1943-
|4 aut
|9 9687
|
| 773 |
0 |
|
|t Zdravie a produkcia teliat v priemyselných podmienkach chovu
|d Bratislava : Ústav veterinárnych informácií a osvety, 1988
|g S. 59-62
|
| 850 |
|
|
|a Slovenská národná knižnica v Martine
|a MTA001
|
| 852 |
|
|
|a SNK
|b KIS3GCP
|
| 958 |
|
|
|a RK
|
| 958 |
|
|
|a ME
|
| 992 |
|
|
|a RZB
|
| 999 |
|
|
|c 1920149
|d 1922079
|